| Tag |
First Indicator |
Second Indicator |
Subfields |
| LEADER |
00000cam a2200000 a 4500 |
| 001 |
in00001246413 |
| 005 |
20151003073858.0 |
| 008 |
950522m19959999dcua f f000 0 eng d |
| 010 |
|
|
|a gp 95075119
|
| 035 |
|
|
|a (OCoLC)32518783
|
| 035 |
|
|
|9 AGT9474AM
|
| 040 |
|
|
|a GPO
|c GPO
|d DLC
|d UtOrBLW
|
| 043 |
|
|
|a n-us---
|
| 074 |
|
|
|a 0071-C
|
| 086 |
0 |
|
|a A 62.15:B 37/2
|
| 245 |
0 |
0 |
|a Dry bean handbook :
|b instructions for loss adjustment forms completion for the 1991 and succeeding crop years.
|
| 246 |
1 |
|
|i Title on transmittal sheet:
|a Federal crop insurance handbook
|
| 264 |
|
1 |
|a [Washington, D.C.] :
|b U.S. Dept. of Agriculture, Federal Crop Insurance Corporation, Claims Division,
|c [1995-]
|
| 300 |
|
|
|a 1 volume (loose-leaf) :
|b illustrations ;
|c 28 cm.
|
| 336 |
|
|
|a text
|b txt
|2 rdacontent
|
| 337 |
|
|
|a unmediated
|b n
|2 rdamedia
|
| 338 |
|
|
|a volume
|b nc
|2 rdacarrier
|
| 500 |
|
|
|a Shipping list number: 95-0165-P.
|
| 500 |
|
|
|a "5-91."
|
| 500 |
|
|
|a "December 14, 1994"--Transmittal sheet.
|
| 500 |
|
|
|a "M8-Dry beans."
|
| 650 |
|
0 |
|a Dried beans
|x Losses
|z United States
|x Handbooks, manuals, etc.
|
| 650 |
|
0 |
|a Beans
|x Losses
|z United States
|x Handbooks, manuals, etc.
|
| 650 |
|
0 |
|a Agricultural insurance
|z United States
|x Handbooks, manuals, etc.
|
| 710 |
2 |
|
|a Federal Crop Insurance Corporation.
|b Claims Division.
|
| 999 |
|
|
|a MARS
|
| 999 |
f |
f |
|s ffd07c90-8fc3-329c-8fe7-1852066300ae
|i cca46ed8-c2fb-3ec1-a4c4-5ed1dc080f65
|t 0
|
| 952 |
f |
f |
|p normal
|a Texas A&M University
|b College Station
|c Sterling C. Evans Library
|d Evans: US Documents (Annex 5th floor)
|t 0
|e A 62.15:B 37/2
|h Superintendent of Documents classification
|i unmediated -- volume
|m A14823206517
|
| 998 |
f |
f |
|a A 62.15:B 37/2
|t 0
|l Evans: US Documents (Annex 5th floor)
|